Air Transportation Planning and Design (Record no. 425)
[ view plain ]
| 000 -LEADER | |
|---|---|
| fixed length control field | 00312 a2200109 4500 |
| 082 ## - DEWEY DECIMAL CLASSIFICATION NUMBER | |
| Classification number | 387.74 KUM |
| 100 ## - MAIN ENTRY--PERSONAL NAME | |
| Personal name | Kumar,Virendra |
| 245 ## - TITLE STATEMENT | |
| Title | Air Transportation Planning and Design |
| Statement of responsibility, etc. | Virendra Kumar |
| 250 ## - EDITION STATEMENT | |
| Edition statement | 1st.ed. |
| 260 ## - PUBLICATION, DISTRIBUTION, ETC. | |
| Place of publication, distribution, etc. | New Delhi : |
| Name of publisher, distributor, etc. | Galgotia Publication, |
| Date of publication, distribution, etc. | 1999. |
| 300 ## - PHYSICAL DESCRIPTION | |
| Extent | xvi,390p. : |
| Other physical details | ill. ; |
| Dimensions | 25 cm. |
| 650 ## - SUBJECT ADDED ENTRY--TOPICAL TERM | |
| Topical term or geographic name entry element | air transport |
| Withdrawn status | Lost status | Damaged status | Not for loan | Permanent Location | Current Location | Shelving location | Date acquired | Total Checkouts | Full call number | Barcode | Date last seen | Price effective from | Koha item type |
|---|---|---|---|---|---|---|---|---|---|---|---|---|---|
| School of Civil and Environmental Engineering (SCEE) | School of Civil and Environmental Engineering (SCEE) | 387.74 KUM | NIT-6470 | 01/05/2017 | 01/05/2017 | Book |
